[Event "?"]
[Site "?"]
[Date "2014.08.03"]
[Round "5.16"]
[White "Radovinski, Jewgeni"]
[Black "Vjazner, Lilian"]
[Result "1/2-1/2"]
[WhiteElo "1501"]
[BlackElo "1363"]
[PlyCount "110"]
[EventDate "2015.??.??"]
[WhiteTeam "SG Porz e.V."]
[BlackTeam "Klub Kölner SF e.V. 1"]

1. e4 e5 2. Nf3 Nf6 3. Nc3 Nc6 4. d4 exd4 5. Nxd4 Nxd4 6. Qxd4 d6 7. Bg5 Be7 8.
Bc4 O-O 9. O-O-O Be6 10. Bxe6 fxe6 11. e5 Ne8 12. Bxe7 Qxe7 13. Kb1 Rf5 14. f4
Qf8 15. g3 a6 16. exd6 Qxd6 17. Qe4 Qb6 18. Rhe1 Rf6 19. g4 Nd6 20. Qd4 Qxd4
21. Rxd4 Raf8 22. Ne2 h6 23. c4 g5 24. fxg5 hxg5 25. c5 Nb5 26. Re4 Kf7 27. a4
Na7 28. Nd4 Re8 29. Re5 Rg6 30. Nf3 Kf6 31. R5e2 Nc6 32. Rf1 Ke7 33. Ne5 Nxe5
34. Rxe5 Rh8 35. Rh1 Kf6 36. Re4 Rgh6 37. Rb4 b5 38. axb5 axb5 39. Rxb5 Rxh2
40. Rf1+ Kg6 41. Rb7 R8h7 42. Rd1 Rh1 43. Rxh1 Rxh1+ 44. Ka2 Rh7 45. b4 Kf6 46.
b5 Ke5 47. b6 Rh2+ 48. Kb3 cxb6 49. cxb6 Kd6 50. Rg7 Kc6 51. b7 Rh1 52. Kc4 Rb1
53. Kd4 Kd6 54. Kc3 Rb5 55. Kc4 Rb1 1/2-1/2

[Event "?"]
[Site "?"]
[Date "2014.08.03"]
[Round "5.17"]
[White "Klein, Markus"]
[Black "Kühlwein, Ralf"]
[Result "1/2-1/2"]
[WhiteElo "1337"]
[BlackElo "1487"]
[PlyCount "31"]
[EventDate "2015.??.??"]
[WhiteTeam "Ford SF Köln e.V."]
[BlackTeam "Klub Kölner SF e.V. 1"]

1. Nf3 d5 2. e3 c5 3. c4 d4 4. exd4 cxd4 5. d3 Nc6 6. Be2 e5 7. Nbd2 Nf6 8. Qb3
Rb8 9. Ng5 h6 10. Nge4 Be6 11. Bf3 Nxe4 12. Bxe4 Na5 13. Qb5+ Nc6 14. Bxc6+
bxc6 15. Qxc6+ Qd7 16. Qe4 1/2-1/2

[Event "?"]
[Site "?"]
[Date "2014.08.03"]
[Round "5.18"]
[White "Asadzade, Idris"]
[Black "Köllner, Ruben Gideon"]
[Result "1-0"]
[WhiteElo "1467"]
[BlackElo "1297"]
[PlyCount "105"]
[EventDate "2015.??.??"]
[WhiteTeam "SVigung 1919 Königsspr"]
[BlackTeam "SV Bergneustadt/Dersch"]

1. d4 d5 2. c4 dxc4 3. e3 Nf6 4. Bxc4 e6 5. Nc3 Be7 6. Nf3 O-O 7. O-O Nc6 8. b3
Bd7 9. Bb2 a6 10. Qc2 h6 11. Rac1 Re8 12. Rfd1 Bd6 13. Rd2 Ne7 14. a3 c6 15.
Rcd1 Bc7 16. Ne5 Rc8 17. Be2 Ned5 18. Na4 b5 19. Nc5 Ra8 20. Ncxd7 Nxd7 21.
Nxc6 Qh4 22. g3 Qg5 23. h4 Qg6 24. Qxg6 fxg6 25. Bf3 N7b6 26. e4 Nf6 27. d5
exd5 28. exd5 Bd6 29. Na5 Re7 30. Rc1 Rae8 31. Rdd1 g5 32. hxg5 hxg5 33. Rc6
Bc7 34. Bxf6 gxf6 35. d6 Re1+ 36. Rxe1 Rxe1+ 37. Kg2 Bd8 38. Nb7 Nd7 39. Nxd8
g4 40. Bxg4 Ne5 41. Be6+ Kh7 42. Rc7+ Kh6 43. Nf7+ Nxf7 44. Bxf7 Ra1 45. d7 Rd1
46. Be8 Kg7 47. Rc8 Kf8 48. d8=Q Rxd8 49. Rxd8 Ke7 50. Ra8 f5 51. Bh5 Kd6 52.
Rxa6+ Kc5 53. g4 1-0

[Event "?"]
[Site "?"]
[Date "2014.08.03"]
[Round "5.19"]
[White "Mersch, Peter Daniel"]
[Black "Righi, Sofian"]
[Result "1-0"]
[WhiteElo "1548"]
[BlackElo "1200"]
[PlyCount "57"]
[EventDate "2015.??.??"]
[WhiteTeam "Klub Kölner SF e.V. 1"]
[BlackTeam "Düsseldorfer SK 14/25 e."]

1. e4 e5 2. Nf3 d6 3. Nc3 Nf6 4. Bc4 Be7 5. d3 c6 6. O-O a5 7. a3 b5 8. Ba2 O-O
9. Re1 b4 10. axb4 axb4 11. Bxf7+ Rxf7 12. Rxa8 bxc3 13. Rxb8 Qc7 14. Ra8 cxb2
15. Bxb2 Qb7 16. Qa1 Bf8 17. Rb1 Qe7 18. Ng5 Ng4 19. Nxf7 Qh4 20. Qa2 Qxf2+ 21.
Kh1 d5 22. Nxe5 Nxh2 23. Rxc8 Qh4 24. Rxf8+ Kxf8 25. Qa8+ Ke7 26. Ba3+ Ke6 27.
Qxc6+ Kxe5 28. Qxd5+ Kf4 29. Qd6+ 1-0

[Event "?"]
[Site "?"]
[Date "2014.08.03"]
[Round "5.21"]
[White "Schröter, Heinz-Jürgen"]
[Black "Hoferichter, Michael"]
[Result "0-1"]
[WhiteElo "1074"]
[BlackElo "1271"]
[PlyCount "62"]
[EventDate "2015.??.??"]
[WhiteTeam "SV Horrem"]
[BlackTeam "Klub Kölner SF e.V. 1"]

1. d4 d5 2. Nf3 Nf6 3. c4 c6 4. Bf4 Nbd7 5. e3 Nh5 6. Bg5 Qc7 7. Nc3 e5 8. Nxe5
Nhf6 9. Bf4 Bd6 10. c5 Bxe5 11. dxe5 Nxe5 12. Qd4 Nfd7 13. Be2 O-O 14. O-O Re8
15. b4 Nf6 16. b5 Qe7 17. Bg5 h6 18. Bh4 Bg4 19. Bxg4 Nexg4 20. h3 Ne5 21. a4
g5 22. f4 gxh4 23. fxe5 Nh7 24. Rf5 Ng5 25. Qg4 Kh7 26. Raf1 Rg8 27. Kh2 Rg7
28. R1f4 Rag8 29. Rf2 Ne4 30. Rxf7 Rxf7 31. Rxf7+ Qxf7 0-1

[Event "?"]
[Site "?"]
[Date "2014.08.03"]
[Round "5.22"]
[White "Köllner, Aaron Noah"]
[Black "van der Valk, Reiner"]
[Result "0-1"]
[WhiteElo "922"]
[BlackElo "1400"]
[PlyCount "72"]
[EventDate "2015.??.??"]
[WhiteTeam "SV Bergneustadt/Dersch"]
[BlackTeam "SG Nettetal 1929"]

1. d4 d5 2. Nf3 Bf5 3. e3 Nf6 4. c4 e6 5. Nc3 c6 6. Bd3 dxc4 7. Bxc4 Bd6 8. Ne5
Nbd7 9. f4 O-O 10. O-O Ne4 11. Bd3 Nxc3 12. bxc3 Bxd3 13. Qxd3 Nf6 14. Rb1 Qc7
15. c4 Rab8 16. c5 Be7 17. Bd2 Nd5 18. Be1 f6 19. Nc4 b5 20. cxb6 axb6 21. a4
Qa7 22. e4 Nc7 23. a5 bxa5 24. Rxb8 Rxb8 25. Nxa5 Qb6 26. Nc4 Qb5 27. Qc2 c5
28. Bf2 cxd4 29. Bxd4 Bc5 30. Bxc5 Qxc5+ 31. Rf2 Nb5 32. Nb2 Qd4 33. Kf1 Rd8
34. g3 Nc3 35. Ke1 Nxe4 36. Re2 Qg1# 0-1

[Event "?"]
[Site "?"]
[Date "2014.08.03"]
[Round "5.23"]
[White "Jakob, Gudrun"]
[Black "Wilde, Christian"]
[Result "0-1"]
[WhiteElo "1050"]
[BlackElo "1248"]
[PlyCount "114"]
[EventDate "2015.??.??"]
[WhiteTeam "Klub Kölner SF e.V. 1"]
[BlackTeam "SF Köln-Longerich 195"]

1. d4 g6 2. e4 d6 3. Nf3 Bg7 4. Bc4 e6 5. Nc3 h6 6. O-O Ne7 7. Re1 O-O 8. e5 d5
9. Be2 Kh7 10. Bd2 Ng8 11. Na4 a6 12. c4 dxc4 13. Bxc4 b5 14. Bd3 bxa4 15. Qxa4
Bb7 16. Qc2 Bd5 17. Be4 Bc6 18. Bxc6 Nxc6 19. Qxc6 a5 20. Rac1 Ra7 21. Rc5 Qb8
22. b3 Ne7 23. Qe4 a4 24. b4 c6 25. g4 f5 26. exf6 Rxf6 27. g5 Rf5 28. Qxe6
Rxf3 29. Qe4 Qf8 30. Be3 hxg5 31. Rxg5 Rf5 32. Rg3 Nd5 33. Rh3+ Kg8 34. Qe6+
Qf7 35. Qc8+ Qf8 36. Qe6+ Qf7 37. Qc8+ Qf8 38. Qe6+ Qf7 39. Qxc6 Nxb4 40. Qc5
Nd3 41. Qxa7 Qxa7 42. d5 Qd7 43. Rb1 Qxd5 44. Rb8+ Rf8 45. Rb6 Qf5 46. Rg3 Ne5
47. Rb5 Nf3+ 48. Rxf3 Qxf3 49. Rb4 a3 50. Rb3 Qd1+ 51. Kg2 Qxb3 52. axb3 a2 53.
b4 a1=Q 54. b5 Bd4 55. Bg5 Rxf2+ 56. Kg3 Qg1+ 57. Kh4 Rxh2# 0-1

[Event "?"]
[Site "?"]
[Date "2014.08.03"]
[Round "5.24"]
[White "Lin, David"]
[Black "Mag, Martina"]
[Result "1-0"]
[WhiteElo "1146"]
[BlackElo "900"]
[PlyCount "51"]
[EventDate "2015.??.??"]
[WhiteTeam "Klub Kölner SF e.V. 1"]
[BlackTeam "Ford SF Köln e.V."]

1. e4 e5 2. Nf3 Nc6 3. Nc3 Nf6 4. Bc4 Bc5 5. d3 d6 6. h3 O-O 7. Bg5 Nd4 8. O-O
Qe7 9. Nd5 Qd8 10. Nxd4 exd4 11. Qf3 Kh8 12. Nxf6 gxf6 13. Bxf6+ Qxf6 14. Qxf6+
Kg8 15. f4 Be6 16. Rf3 Rfe8 17. Bxe6 Rxe6 18. Rg3+ Kf8 19. Qh8+ Ke7 20. Qxa8
Rg6 21. Rg5 h6 22. Rxg6 fxg6 23. f5 Kf6 24. Qf8+ Ke5 25. Qe7+ Kf4 26. Kf2 1-0

[Event "?"]
[Site "?"]
[Date "2014.08.03"]
[Round "5.25"]
[White "Baltic, Sara"]
[Black "Mennicken, Leonardo"]
[Result "0-1"]
[WhiteElo "902"]
[BlackElo "1080"]
[PlyCount "40"]
[EventDate "2015.??.??"]
[WhiteTeam "SG Porz e.V."]
[BlackTeam "Klub Kölner SF e.V. 1"]

1. e4 e5 2. Nf3 Nc6 3. Bc4 Nf6 4. d3 d5 5. Bb3 Bg4 6. h3 Bh5 7. Bg5 dxe4 8. g4
Bg6 9. Nh4 h6 10. Bxf6 Qxf6 11. Nxg6 Qxg6 12. f3 exd3 13. cxd3 O-O-O 14. Bc2
Qf6 15. h4 Nd4 16. Na3 Nxf3+ 17. Ke2 Nxh4 18. Rf1 Qc6 19. Ba4 Qg2+ 20. Ke1 Bb4+
0-1

[Event "?"]
[Site "?"]
[Date "2015.08.03"]
[Round "5.26"]
[White "Jehnen, Timo"]
[Black "Pohl, Stefan"]
[Result "0-1"]
[WhiteElo "919"]
[BlackElo "1506"]
[PlyCount "64"]
[EventDate "2015.??.??"]
[WhiteTeam "SV Fideler Bauer Lever"]
[BlackTeam "Klub Kölner SF e.V. 1"]

1. e4 d5 2. d3 dxe4 3. dxe4 Qxd1+ 4. Kxd1 e5 5. Nf3 Bg4 6. Be2 Nc6 7. Nc3
O-O-O+ 8. Bd3 Nd4 9. Ke1 Nxf3+ 10. gxf3 Bxf3 11. Rg1 Nf6 12. Be3 a6 13. Rg3 Bh5
14. f3 Bg6 15. Ke2 Be7 16. a4 Rd7 17. Rb1 Bb4 18. Na2 Be7 19. b4 h5 20. b5 axb5
21. axb5 h4 22. Rgg1 Nh5 23. Kf2 Nf4 24. Bxf4 exf4 25. Ke2 Bc5 26. Rgc1 Be3 27.
Rh1 Rh5 28. c4 Rg5 29. Rbd1 Rg2+ 30. Kf1 Rxa2 31. Ke1 Bh5 32. Rf1 Rxh2 0-1

[Event "?"]
[Site "?"]
[Date "2014.08.03"]
[Round "5.27"]
[White "Yu, Moyi"]
[Black "Jehnen, Kimberley"]
[Result "0-1"]
[WhiteElo "918"]
[BlackElo "1060"]
[PlyCount "80"]
[EventDate "2015.??.??"]
[WhiteTeam "Klub Kölner SF e.V. 1"]
[BlackTeam "SV Fideler Bauer Lever"]

1. d4 d5 2. c4 e6 3. Nf3 Nf6 4. Bg5 Be7 5. Bxf6 Bxf6 6. Nc3 O-O 7. e3 b6 8. Bd3
Ba6 9. Ne5 Qe8 10. Qh5 g6 11. Qh6 Bg7 12. Qh3 c5 13. O-O Nc6 14. Nxc6 Qxc6 15.
Rae1 cxd4 16. Nd1 dxc4 17. Bb1 d3 18. Nc3 Rad8 19. f3 Bxc3 20. bxc3 b5 21. Qh4
Qc5 22. Rf2 b4 23. cxb4 Qxb4 $15 24. Rff1 Qa3 25. e4 c3 26. Re3 d2 27. Rd3 Bxd3
28. Bxd3 Rxd3 29. h3 d1=Q 30. Rxd1 Rxd1+ 31. Kh2 c2 32. Kg3 c1=Q 33. e5 Qce3
34. Kh2 Qg1+ 35. Kg3 Qe1+ 36. Kg4 Rd4+ 37. f4 Qxh4+ 38. Kxh4 Rxf4+ 39. Kg5 Qg3+
40. Kh6 Qh4# 0-1